| 000 | 00623nam a22002297a 4500 | ||
|---|---|---|---|
| 001 | 62512 | ||
| 003 | UA-OsUOA | ||
| 005 | 20220516103043.0 | ||
| 007 | ta | ||
| 008 | 20090901b un ||||| |||| 00| 0 ukr d | ||
| 040 |
_aUA-OsUOA _brus _cUA-OsUOA _dUA-OsUOA |
||
| 041 | _arus | ||
| 080 | _a327(470+571) | ||
| 090 |
_a327(470+571) _bВ60 |
||
| 245 | _aВнешняя политика Советского Союза в период Отечественной войны | ||
| 260 |
_aМ. _bОГИЗ _c1946 |
||
| 300 | _a684 с. | ||
| 505 | _gТ. 2 | ||
| 650 | 7 |
_a32 Політика _2UDC |
|
| 942 |
_cBK _2udc |
||
| 955 | _a2 | ||
| 999 |
_c348596 _d348596 |
||